[Event "FRA-ch U20"]
[Site "Europe Echecs INT"]
[Date "2020.07.12"]
[Round "8"]
[White "Profili, Emilio"]
[Black "Raclot, Leo"]
[Result "1-0"]
[WhiteElo "2053"]
[BlackElo "2124"]
[PlyCount "139"]
[EventDate "2020.07.12"]
[EventType "swiss (rapid)"]
[EventRounds "9"]
[EventCountry "FRA"]
[SourceTitle "EXT 2021"]
[Source "ChessBase"]
[SourceDate "2020.10.23"]
[SourceVersion "1"]
[SourceVersionDate "2020.10.23"]
[SourceQuality "1"]

1. e4 e6 2. d4 d5 3. Nc3 Nf6 4. e5 Nfd7 5. Nce2 c5 6. c3 a5 7. Nf3 Nc6 8. a3 b5 9. Nf4 Qb6 10. Be3 Ba6 11. Ng5 Nd8 12. Bd3 h6 13. Ngxe6 Nxe6 14. Nxd5 Qd8 15. Be4 Rc8 16. f4 Nb6 17. Nxb6 Qxb6 18. d5 Nc7 19. d6 Rd8 20. Qf3 Bxd6 21. Bc6+ Kf8 22. exd6 Rxd6 23. Be4 b4 24. axb4 axb4 25. Kf2 bxc3 26. bxc3 Bd3 27. Bxd3 Rxd3 28. Rhd1 Rxd1 29. Rxd1 Kg8 30. Qe4 g6 31. Rd8+ Kh7 32. Rxh8+ Kxh8 33. Qe5+ Kh7 34. Bxc5 Qb2+ 35. Kg3 Ne6 36. f5 gxf5 37. Qxf5+ Kg8 38. Bd4 Qe2 39. Qg4+ Qxg4+ 40. Kxg4 Kh7 41. Kf5 Nc7 42. c4 Kg8 43. Bf6 Kf8 44. Ke5 Ke8 45. Kd6 Ne6 46. c5 Nf4 47. c6 Ne6 48. c7 Nxc7 49. Kxc7 Kf8 50. Kd7 Kg8 51. Ke7 Kh7 52. Kxf7 h5 53. Bg5 h4 54. Bxh4 Kh8 55. Kg6 Kg8 56. Bf6 Kf8 57. h4 Kg8 58. h5 Kf8 59. h6 Ke8 60. h7 Kd7 61. h8Q Ke6 62. Qe8+ Kd5 63. Kf5 Kc4 64. Qd7 Kb3 65. Qc6 Kb4 66. Ke4 Kb3 67. Kd3 Kb4 68. Qb6+ Ka4 69. Kc3 Ka3 70. Qa6# 1-0

[Event "FRA-ch U20"]
[Site "Europe Echecs INT"]
[Date "2020.07.12"]
[Round "7"]
[White "Raclot, Leo"]
[Black "Kuhn, Clement"]
[Result "1-0"]
[WhiteElo "2124"]
[BlackElo "2150"]
[PlyCount "111"]
[EventDate "2020.07.12"]
[EventType "swiss (rapid)"]
[EventRounds "9"]
[EventCountry "FRA"]
[SourceTitle "EXT 2021"]
[Source "ChessBase"]
[SourceDate "2020.10.23"]
[SourceVersion "1"]
[SourceVersionDate "2020.10.23"]
[SourceQuality "1"]

1. e4 c5 2. Nc3 a6 3. g3 b5 4. a4 Bb7 5. Bg2 b4 6. Nd5 e6 7. Ne3 Ne7 8. d3 g6 9. d4 d6 10. dxc5 dxc5 11. Qxd8+ Kxd8 12. Nc4 Nec6 13. Bg5+ Be7 14. Nd6 Bxg5 15. Nxf7+ Ke7 16. Nxg5 Nd4 17. 0-0-0 h6 18. N5h3 g5 19. c3 Nb3+ 20. Kc2 Na5 21. f4 g4 22. Nf2 h5 23. Nd3 Nd7 24. cxb4 cxb4 25. Nxb4 Rhc8+ 26. Kb1 Nc5 27. Ne2 Bxe4+ 28. Bxe4 Nxe4 29. Rd4 Nb3 30. Re1 Nxd4 31. Nxd4 Nc5 32. Nd5+ Kf7 33. Nb6 Nd3 34. Rd1 Rcb8 35. Nxa8 Nxb2 36. Nc6 Nxd1+ 37. Nxb8 Ne3 38. Nxa6 Nf1 39. Nc5 Nxh2 40. Ne4 Nf1 41. Nc7 Nxg3 42. Nxg3 h4 43. Ne2 g3 44. Nb5 g2 45. Nbd4 Kf6 46. Nf3 h3 47. Neg1 Kf5 48. Nxh3 Kg4 49. Nfg1 Kg3 50. a5 e5 51. fxe5 Kh2 52. a6 Kh1 53. a7 Kh2 54. a8Q Kh1 55. Qf3 Kh2 56. Nf4 1-0

[Event "FRA-chT U16"]
[Site "Sautron"]
[Date "2018.05.20"]
[Round "2.4"]
[White "Raclot, Leo"]
[Black "Meyer, Nicolas"]
[Result "1/2-1/2"]
[WhiteElo "1966"]
[BlackElo "1744"]
[PlyCount "76"]
[EventDate "2018.05.19"]
[EventType "team-match"]
[EventRounds "5"]
[EventCountry "FRA"]
[SourceTitle "EXT 2019"]
[Source "ChessBase"]
[SourceDate "2018.10.10"]
[SourceVersion "1"]
[SourceVersionDate "2018.10.10"]
[SourceQuality "1"]

1. e4 c5 2. d4 cxd4 3. c3 dxc3 4. Nxc3 d6 5. Nf3 a6 6. Bc4 Nc6 7. 0-0 Nf6 8. Qe2 e6 9. Rd1 Qc7 10. Bf4 Ne5 11. Bxe5 dxe5 12. Rac1 Qb8 13. Na4 b5 14. Bxb5+ axb5 15. Rxc8+ Qxc8 16. Qxb5+ Nd7 17. Nxe5 Rb8 18. Qxd7+ Qxd7 19. Nxd7 Rd8 20. Nab6 Bb4 21. Kf1 Ba5 22. Ke2 Bxb6 23. Nxb6 Rxd1 24. Kxd1 Kd8 25. Kc2 Kc7 26. Nc4 f6 27. Kc3 Kc6 28. f3 Kb5 29. b3 Rb8 30. a3 e5 31. Ne3 Rc8+ 32. Kb2 g6 33. Nc4 Kc5 34. Kc3 Rc7 35. b4+ Kb5 36. Kb3 Rd7 37. a4+ Ka6 38. b5+ Ka7 1/2-1/2